00393 2200157 4500245004700000020002200047250001100069100002300080650002100103005001900124260003300143041001400176084000800190300002800198336000900226 aKomputer TerapancYudi Budi YuniarsohText a978-623-5561-35-6 aCet. 1 aYudi Budi Yuniarso aKomputer Terapan a20241009145123 aJakartabUnindra Pressc2022 aIndonesia a004 aviii, 89 hlm. :c26 cm. atext